| 000 | 00796nam a2200217 i 4500 | ||
|---|---|---|---|
| 001 | 184807 | ||
| 003 | ES-MaACL | ||
| 005 | 20250704062549.0 | ||
| 008 | 160120s1982 sp aco |||| | spa d | ||
| 080 | _a061.236.3(460.27 M.)(091) | ||
| 110 | 2 |
_aAteneo de Madrid. _91875 |
|
| 245 | 1 | 3 | _aEl Ateneo a través de la historia de España. |
| 260 |
_a[Madrid : _bs.n., _c1982] ( _fArtes Gráf. Benzal) |
||
| 300 |
_a15 p. : _bil., retr. ; _c21 cm. |
||
| 594 | _aEn p. 15: "... esta suerte de compendio que ofrece la candidatura encabezada por Don Fernando Chueca Goitia..." | ||
| 596 | _aEn p. 15, al fin de texto: enero de 1982. | ||
| 610 | 2 | 4 |
_aAteneo de Madrid- _vHistoria _91925 |
| 700 | 1 |
_aChueca Goitia, Fernando, _d1911-2004 _938688 |
|
| 852 |
_aES-MaACL _j2143-F-8 |
||
| 999 |
_c184807 _d184807 |
||